| 000 | 00568nam a22001817a 4500 | ||
|---|---|---|---|
| 005 | 20231113144658.0 | ||
| 008 | 231113b |||||||| |||| 00| 0 eng d | ||
| 020 | _a9780409050080 | ||
| 041 | _aEnglish | ||
| 082 | _a345.3 NEE | ||
| 100 |
_aNeethling, J ; Potgieter JM and Visser PJ _lEnglish |
||
| 245 |
_aLaw of Delict / _cJ Neethling, JM Potgieter and PJ Visser |
||
| 250 | _aFifth Edition | ||
| 260 |
_aDurban : _bLexisNexis, _c2006 |
||
| 300 |
_bxii, 411 pages ; _c24,7 cm. |
||
| 650 |
_aLegal practice _bLaw |
||
| 942 |
_cBK _6ALISON_BN_VRIES |
||
| 999 |
_c588 _d588 |
||